C'est bleu, enfin généralement... - Statistiques

Statistiques générales
  • Ce quiz a été pris 227 fois
  • Le résultat moyen est 7 sur 10
Answers on the Grid
Answers color-coded by a green-red scale on the quiz's grid according to % correct below.
Le maillot de l'équipe de France
Les Schtroumpfs
Le ciel
La robe de Cendrillon
La planète Neptune
Grand, dans un film de Luc Besson
Un Jean
Couleur de la peau des Na'vis dans Avatar
Le pull de Tintin
Le sirop de Menthe glaciale
Shrek
Le fauteuil du champion de TLMVPSP
Le maillot de l'équipe d'Espagne
La planète Mars
Le Sabre Laser de Dark Vador
La tenue de Michael Jackson, dans le clip Thriller
L'Incroyable Hulk
Le foulard de Lucky Luke
L'herbe
La croix du drapeau de l'Islande
 
Statistiques - réponses
Réponse % Correct
Les Schtroumpfs
89%
Le ciel
87%
Un Jean
79%
Le maillot de l'équipe de France
78%
La robe de Cendrillon
76%
Couleur de la peau des Na'vis dans Avatar
73%
Le pull de Tintin
68%
Grand, dans un film de Luc Besson
60%
La planète Neptune
60%
Le sirop de Menthe glaciale
57%
Aucun quiz correspondant
Distribution des résultats
% des personnes avec chaque résultat
Percentile par nombre de réponses
Votre historique - résultats
Vous n’avez pas pris ce quiz